| 000 | 01019nam a22002417a 4500 | ||
|---|---|---|---|
| 001 | EIF-X-2019-M2-004 | ||
| 003 | OSt | ||
| 005 | 20221229135049.0 | ||
| 008 | 221229b |||||||| |||| 00| 0 eng d | ||
| 040 |
_aFundación Jesús Pereda _cFundación Jesús Pereda |
||
| 041 | _aCastellano | ||
| 100 |
_uUniversidad Internacional de La Rioja _aOrduña Prada, Mónica _9498 |
||
| 111 |
_aEncuentro de Investigadores del Franquismo _c(Valencia. _d2019. _n10º) _9102 |
||
| 245 |
_aDiplomacia estadounidense y ayuda humanitaria en la posguerra española: _bWeddell _c/Mónica Orduña Prada |
||
| 600 | 0 |
_91022 _aWeddell, Alexander Wilbourne |
|
| 650 | 0 |
_9608 _aServicio diplomático y consular |
|
| 650 | 0 |
_9381 _aPostguerra |
|
| 650 | 0 |
_91023 _aAyuda humanitaria |
|
| 651 | 0 |
_9327 _aEstados Unidos de América |
|
| 773 |
_tActas del X Encuentro de Investigadores del Franquismo _g209-222 p. |
||
| 856 | _uhttps://bibliotecaccoocyl.fundacionjesuspereda.es/cgi-bin/koha/opac-retrieve-file.pl?id=1e80b167843ae5431461aa95e8bbed85 | ||
| 942 |
_2ddc _cCF _n0 |
||
| 999 |
_c614 _d614 |
||